The economics of women, men, and work,
Αποθηκεύτηκε σε:
| Κύριος συγγραφέας: | |
|---|---|
| Άλλοι συγγραφείς: | , |
| Μορφή: | Βιβλίο |
| Γλώσσα: | English |
| Δημοσίευση: |
Upper Saddle River, New Jersey :
Prentice Hall,
2001
|
| Έκδοση: | 4th ed. |
| Θέματα: | |
| Ετικέτες: |
Προσθήκη ετικέτας
Δεν υπάρχουν, Καταχωρήστε ετικέτα πρώτοι!
|
MARC
| LEADER | 00000nam a2200000 i 4500 | ||
|---|---|---|---|
| 001 | 1/39949 | ||
| 008 | 030902s2001 eng d | ||
| 020 | |a 0-13-090922-X | ||
| 035 | |l 10070718 | ||
| 040 | |a GR-MY-UA |b gre |e aacr | ||
| 041 | 0 | |a eng | |
| 082 | 0 | |a 305.420973 | |
| 100 | 1 | |a Blau, Francine D. | |
| 245 | 1 | 4 | |a The economics of women, men, and work, / |c Francine D. Blau, Marianne A. Ferber, Anne E. Winkler |
| 250 | |a 4th ed. | ||
| 260 | |a Upper Saddle River, New Jersey : |b Prentice Hall, |c 2001 | ||
| 300 | |a 446 p. | ||
| 504 | |a Includes bibliographical references and index | ||
| 650 | 0 | 0 | |a Women |z United States |x Economic conditions. |
| 650 | 0 | 0 | |a Feminist economics |z United States. |
| 650 | 0 | 0 | |a Women |x Employment |z United States. |
| 650 | 0 | 0 | |a Sexual division of labor |z United States. |
| 650 | 0 | 0 | |a Labor market |z United States. |
| 650 | 0 | 0 | |a Women |z United States |x Social conditions. |
| 700 | 1 | |a Ferber, Marianne A. |d 1923- | |
| 700 | 1 | |a Winkler, Anne E. |d 1961- | |
| 852 | |a INST |b RHODES |e 20030902 |h 305.420973 BLA |p 005400020164 |q 005400020164 |t BK |y 0 | ||
| 901 | |a BIBL4-2003-2 | ||
| 909 | |a Ρ |b 105855 | ||
| 922 | |a 4ΕΛΗ |b 200307 |c ΕΠΕΑΕΚ2/ΤΕΠΑΕΣ |d ΜΙΧΑΛΟΠΟΥΛΟΣ | ||
| 950 | |a 096-2003-06-24 | ||
| 970 | |a ΚΟΥΛΑΚΙΟΤΗ |b ΛΙΤΣΑ |z 2003/09/03 | ||